Forex, největší trh v rámci finančního systému

Menový trh alebo forex (foreign exchange) medzinárodný devízový trh, je skutočným základom pre tok svetového kapitálu a vďaka svojej decentralizácii môže byť k dispozícii takmer nonstop. Najväčšie obchodné a finančné centrá a liberalizácia finančných trhov.

Guardado en:
Detalles Bibliográficos
Autor principal: Hartman, Ondřej
Formato: Capítulo de libro
Lenguaje:checo
Materias:
Etiquetas: Agregar Etiqueta
Sin Etiquetas, Sea el primero en etiquetar este registro!

MARC

LEADER 00000naa a2200000 4500
001 0205500
005 20231211084004.1
041 0 |a cze 
044 |a CZ 
245 1 0 |a Forex, největší trh v rámci finančního systému  |c Ondřej Hartman 
520 |a Menový trh alebo forex (foreign exchange) medzinárodný devízový trh, je skutočným základom pre tok svetového kapitálu a vďaka svojej decentralizácii môže byť k dispozícii takmer nonstop. Najväčšie obchodné a finančné centrá a liberalizácia finančných trhov. 
610 2 0 |a trh finančný medzinárodný 
610 2 0 |a trh kapitálový medzinárodný 
610 2 0 |a trh menový 
610 2 0 |a pohyb kapitálu 
610 2 0 |a devízy 
610 2 0 |a styk platobný medzinárodný 
100 1 |a Hartman, Ondřej